Current Research In Economics, Commerce And Management/ (Record no. 189874)

MARC details
000 -LEADER
fixed length control field 00591nam a22001817a 4500
005 - DATE AND TIME OF LATEST TRANSACTION
control field 20220714110544.0
010 ## - LCCN (DPL NO)
LC control number ENG-133557
020 ## - INTERNATIONAL STANDARD BOOK NUMBER
International Standard Book Number 9789389658453
Terms of availability 500.00
035 ## - SYSTEM CONTROL NUMBER
System control number EN-117089
037 ## - SOURCE OF ACQUISITION
Source of stock number/acquisition DBAD/PUB
082 ## - DEWEY DECIMAL CLASSIFICATION NUMBER
Classification number 330
245 ## - TITLE STATEMENT
Title Current Research In Economics, Commerce And Management/
Statement of responsibility, etc Edited by C. Vijai
260 ## - PUBLICATION, DISTRIBUTION, ETC. (IMPRINT)
Place of publication, distribution, etc Tamil Nadu
Name of publisher, distributor, etc Shanlax Publications
Date of publication, distribution, etc 2020
270 ## - ADDRESS
Address 61, 66 T.P.K. Main Road Vasantha Nagar
City Madurai
Postal code 625003
Electronic mail address publisher@shanlaxpublications.com
300 ## - PHYSICAL DESCRIPTION
Extent 289p.
Dimensions 25cm(pbk)
700 ## - ADDED ENTRY--PERSONAL NAME
Personal name Vijay, C.
942 ## - ADDED ENTRY ELEMENTS (KOHA)
Source of classification or shelving scheme Dewey Decimal Classification
Item type English Books
Classification part 330
Call number suffix CUR
Holdings
Withdrawn status Lost status Not for loan Collection code Home library Current library Date acquired Source of acquisition Cost, normal purchase price Full call number Barcode Copy number Cost, replacement price Koha item type
      Non-fiction Bawana Bawana 14/07/2022 DBAD/PUB 500.00 330 CUR EN-117089 1 500.00 English Books

© Delhi Public Library
Hit Counter
free hit counter